| 000 | 00454nam a2200157Ia 4500 | ||
|---|---|---|---|
| 008 | 240729s9999 xx 000 0 und d | ||
| 022 | _a2632-279X | ||
| 245 | 0 | _aJournal of Humanities and Applied Social Sciences | |
| 260 | _aUnited Kingdom | ||
| 260 | _bEmerald Publishing | ||
| 650 | _a Social sciences (General) | ||
| 650 | _aSocial Sciences | ||
| 856 | _uhttps://doaj.org/toc/042f0be1962f4fd39fd6576f6c72fd7e | ||
| 942 | _2ddc | ||
| 942 | _cDOAJEJ | ||
| 999 |
_c69779 _d69779 |
||
| 945 |
_a1 _bMadushi Gamage _c1 _dMadushi Gamage |
||